Statistics for Australian States and Territories

Click here to take the quiz!

General Stats

  • This quiz has been taken 622 times
  • The average score is 9 of 16

Answer Stats

Answer% Correct
Western Australia
95%
Tasmania
92%
New South Wales
91%
Northern Territory
91%
Queensland
91%
South Australia
89%
Victoria
87%
Australian Capital Territory
68%
Christmas Island
40%
Norfolk Island
31%
Cocos (Keeling) Islands
28%
Australian Antarctic Territory
21%
Jervis Bay Territory
20%
Coral Sea Islands
19%
Heard Island and McDonald Islands
19%
Ashmore and Cartier Islands
16%

Score Distribution

Percentile by Number Answered

Percent of People with Each Score

Your Score History

You have not taken this quiz